| 000 | 01039nam a2200313 i 4500 | ||
|---|---|---|---|
| 001 | 81965 | ||
| 003 | ES-MaACL | ||
| 005 | 20250527144636.0 | ||
| 007 | t| | ||
| 008 | 041117s1993 sp ||||1| spa d | ||
| 020 | _a84-339-2528-8 | ||
| 080 | _a820-992"19" | ||
| 080 | _a918.7(282 Orinoco) | ||
| 080 | _a918.1 | ||
| 080 | _a39(=98) | ||
| 100 | 1 |
_aO'Hanlon, Redmond. _986331 |
|
| 245 | 1 | 0 |
_aEntre el Orinoco y el Amazonas _b: (de nuevo en apuros) / _cRedmond O'Hanlon ; traducción de Luis Murillo. |
| 260 |
_aBarcelona : _bAnagrama, _c[1993] |
||
| 300 |
_a316 p., [16] h. de lám. ; _c22 cm. |
||
| 490 | 1 |
_aCrónicas Anagrama ; _v28 |
|
| 504 | _aBibliografía: p. 309-316. | ||
| 650 | 4 |
_aIndios de América del Sur- _xUsos y costumbres. _913683 |
|
| 651 | 4 |
_aOrinoco (Valle)- _xDescripción. _99142 |
|
| 651 | 4 |
_aAmazonia- _xDescripción. _97689 |
|
| 700 | 1 |
_aMurillo Fort, Luis, _d1951- _984593 |
|
| 830 | 0 |
_aCrónicas Anagrama ; _v28 _9180220 |
|
| 852 |
_aES-MaACL _jL-28477 _bR.134226 |
||
| 999 |
_c81965 _d81965 |
||